000 00439 a2200169 4500
003 Nust
005 20170207153549.0
040 _cNust
082 _a005.8
100 _aQureshi,Zaffar Iqbal Captain BESE-01
245 _aTo Design a Database Management system
_cCapt Zaffar Iqbal Qureshi BESE-01
260 _bMCS
_cMarch,1999
300 _a72:p
538 _aAlimrah No 71 Shelf No 5
650 _aUG Projects
651 _aUG CS Projects
942 _cPRG
999 _c188771
_d188771